<?xml version="1.0" encoding="UTF-8"?>
<record
    xmlns:xsi="http://www.w3.org/2001/XMLSchema-instance"
    xsi:schemaLocation="http://www.loc.gov/MARC21/slim http://www.loc.gov/standards/marcxml/schema/MARC21slim.xsd"
    xmlns="http://www.loc.gov/MARC21/slim">

  <leader>00864nam a2200277 a 4500</leader>
  <controlfield tag="001">BD-DhNSU-28329</controlfield>
  <controlfield tag="003">BD-DhNSU</controlfield>
  <controlfield tag="005">20260421125539.0</controlfield>
  <controlfield tag="008">260420s2016    bg ||||g |||| 000 0|eng|d</controlfield>
  <datafield tag="040" ind1=" " ind2=" ">
    <subfield code="a">DLC</subfield>
    <subfield code="c">BD-DhNSU</subfield>
    <subfield code="d">BD-DhNSU</subfield>
  </datafield>
  <datafield tag="041" ind1=" " ind2=" ">
    <subfield code="a">eng</subfield>
  </datafield>
  <datafield tag="050" ind1="0" ind2="0">
    <subfield code="a">KNG19</subfield>
    <subfield code="b">.A2B36 2016</subfield>
  </datafield>
  <datafield tag="245" ind1="0" ind2="4">
    <subfield code="a">The Bangladesh law chronicles :</subfield>
    <subfield code="b">(a monthly law journal),</subfield>
    <subfield code="n">Vol. 21 /</subfield>
    <subfield code="c">edited by Nahid Mahtab.</subfield>
  </datafield>
  <datafield tag="246" ind1="0" ind2=" ">
    <subfield code="a">B.L.C.</subfield>
    <subfield code="b">Volume XXI</subfield>
  </datafield>
  <datafield tag="260" ind1=" " ind2=" ">
    <subfield code="a">Dhaka :</subfield>
    <subfield code="b">Bangladesh Law Chronicles,</subfield>
    <subfield code="c">2016.</subfield>
  </datafield>
  <datafield tag="300" ind1=" " ind2=" ">
    <subfield code="a">vp. ;</subfield>
    <subfield code="c">25 cm.</subfield>
  </datafield>
  <datafield tag="500" ind1=" " ind2=" ">
    <subfield code="a">Regd DA- 1722</subfield>
  </datafield>
  <datafield tag="500" ind1=" " ind2=" ">
    <subfield code="a">Cit. 21 BLC (AD); 21 BLC etc.</subfield>
  </datafield>
  <datafield tag="526" ind1="0" ind2=" ">
    <subfield code="a">Law</subfield>
  </datafield>
  <datafield tag="590" ind1=" " ind2=" ">
    <subfield code="a">Nuri Mahajabi</subfield>
  </datafield>
  <datafield tag="590" ind1=" " ind2=" ">
    <subfield code="a">Sumaiya Kainat Bintey Kohinoor</subfield>
  </datafield>
  <datafield tag="650" ind1=" " ind2="0">
    <subfield code="a">Law reports, digests, etc.</subfield>
    <subfield code="z">Bangladesh.</subfield>
  </datafield>
  <datafield tag="650" ind1=" " ind2="0">
    <subfield code="a">Law reports, digests, etc.</subfield>
    <subfield code="z">India</subfield>
    <subfield code="z">Bengal.</subfield>
  </datafield>
  <datafield tag="700" ind1="1" ind2=" ">
    <subfield code="a">Mahtab, Nahid</subfield>
    <subfield code="e">editor</subfield>
  </datafield>
  <datafield tag="942" ind1=" " ind2=" ">
    <subfield code="2">lcc</subfield>
    <subfield code="c">BK</subfield>
  </datafield>
  <datafield tag="952" ind1=" " ind2=" ">
    <subfield code="0">0</subfield>
    <subfield code="1">0</subfield>
    <subfield code="2">lcc</subfield>
    <subfield code="3">[vol. 20-22][set-A]</subfield>
    <subfield code="4">0</subfield>
    <subfield code="7">1</subfield>
    <subfield code="8">NFIC</subfield>
    <subfield code="a">NSUL</subfield>
    <subfield code="b">NSUL</subfield>
    <subfield code="c">REF</subfield>
    <subfield code="d">2018-11-12</subfield>
    <subfield code="e">Hye Trade International</subfield>
    <subfield code="f">BDT</subfield>
    <subfield code="g">3240.00</subfield>
    <subfield code="h">vol. 21</subfield>
    <subfield code="i">NSU01/18-19</subfield>
    <subfield code="o">KNG19.A2B36 2016</subfield>
    <subfield code="p">46080</subfield>
    <subfield code="t">1</subfield>
    <subfield code="v">0.00</subfield>
    <subfield code="w">2018-10-03</subfield>
    <subfield code="y">BK</subfield>
  </datafield>
  <datafield tag="952" ind1=" " ind2=" ">
    <subfield code="0">0</subfield>
    <subfield code="1">0</subfield>
    <subfield code="2">lcc</subfield>
    <subfield code="3">[vol. 20-22][set-B]</subfield>
    <subfield code="4">0</subfield>
    <subfield code="7">1</subfield>
    <subfield code="8">NFIC</subfield>
    <subfield code="a">NSUL</subfield>
    <subfield code="b">NSUL</subfield>
    <subfield code="c">REF</subfield>
    <subfield code="d">2018-11-12</subfield>
    <subfield code="e">Hye Trade International</subfield>
    <subfield code="f">BDT</subfield>
    <subfield code="g">3240.00</subfield>
    <subfield code="h">vol. 21</subfield>
    <subfield code="i">NSU01/18-19</subfield>
    <subfield code="o">KNG19.A2B36 2016</subfield>
    <subfield code="p">46083</subfield>
    <subfield code="t">2</subfield>
    <subfield code="v">0.00</subfield>
    <subfield code="w">2018-10-03</subfield>
    <subfield code="y">BK</subfield>
  </datafield>
  <datafield tag="952" ind1=" " ind2=" ">
    <subfield code="0">0</subfield>
    <subfield code="1">0</subfield>
    <subfield code="2">lcc</subfield>
    <subfield code="4">0</subfield>
    <subfield code="7">1</subfield>
    <subfield code="8">REF</subfield>
    <subfield code="a">LCR</subfield>
    <subfield code="b">LCR</subfield>
    <subfield code="c">GEN</subfield>
    <subfield code="d">2026-04-08</subfield>
    <subfield code="e">Karim International</subfield>
    <subfield code="f">BDT</subfield>
    <subfield code="g">1435.00</subfield>
    <subfield code="h">vol. 21</subfield>
    <subfield code="i">KI/NSU/L-77/25-26</subfield>
    <subfield code="l">0</subfield>
    <subfield code="o">KNG19.A2B36 2016</subfield>
    <subfield code="p">49308</subfield>
    <subfield code="r">2026-04-20 15:11:00</subfield>
    <subfield code="t">3</subfield>
    <subfield code="v">0.00</subfield>
    <subfield code="w">2026-03-09</subfield>
    <subfield code="y">BK</subfield>
  </datafield>
  <datafield tag="999" ind1=" " ind2=" ">
    <subfield code="c">28329</subfield>
    <subfield code="d">28329</subfield>
  </datafield>
</record>
